State finances at a glance, Karnataka (Record no. 475525)

000 -LEADER
fixed length control field 00437cam a22001217a 4500
008 - FIXED-LENGTH DATA ELEMENTS--GENERAL INFORMATION
fixed length control field 180718b-- xxu||||| |||| 00| 0 eng d
082 ## - DEWEY DECIMAL CLASSIFICATION NUMBER
Classification number L906x5444 C/F/G
100 ## - MAIN ENTRY--PERSONAL NAME
Personal name Principal Accountant General (Civil and Commercial Audit)
245 ## - TITLE STATEMENT
Title State finances at a glance, Karnataka
260 ## - PUBLICATION, DISTRIBUTION, ETC.
Place of publication, distribution, etc. Bangalore
Name of publisher, distributor, etc. Principal Accountant General (Civil and Commercial Audit)
Date of publication, distribution, etc. --
500 ## - GENERAL NOTE
General note Library has 2010/11
650 ## - SUBJECT ADDED ENTRY--TOPICAL TERM
Topical term or geographic name entry element Auditing - India - Karnataka
Holdings
Withdrawn status Lost status Damaged status Not for loan Permanent Location Current Location Date acquired Full call number Barcode Date last seen Price effective from Koha item type
        Indian Institute of Public Administration Indian Institute of Public Administration 2018-08-04 L906x5444 C/F/G GG30633 2018-08-04 2018-08-04 GG

Powered by Koha